Etika v public relations

Na minha lista:
Detalhes bibliográficos
Autor principal: Korauš, Antonín
Formato: Capítulo de Livro
Idioma:eslovaco
Tags: Adicionar Tag
Sem tags, seja o primeiro a adicionar uma tag!

MARC

LEADER 00000naa a2200000 4500
001 0126634
005 20240502083320.3
041 0 |a slo 
044 |a CZ 
245 1 0 |a Etika v public relations  |c Anton Korauš 
100 1 |a Korauš, Antonín